000 00427nam a2200169Ia 4500
008 230524s9999 xx 000 0 und d
020 _a9789381141649
082 _a577
_bPUR
100 _aAnuj Kumar Purwar
_942968
245 0 _aEnvironment And Ecology
250 _a1
260 _aNew Delhi
_bI.K.International
_c2012
300 _a"XIII,303p;"
500 _aQuantity Number: 1
650 _aEnvironmental
942 _cBK
999 _c57924
_d57924